000 00418nam a2200145Ia 4500
008 220405s9999||||xx |||||||||||||| ||und||
020 _a9780143421559
082 _a823 DAT
100 _aDatta, Durjoy and Ghai, Orvana
_910574
245 0 _aYou were my crush till you said you love me
260 _aPenguin books
_bHaryana
_c2013
300 _a215p.
_bRs.175
650 _aGENERAL BOOKS
942 _cSpecial Collection
999 _c189619
_d189619